00567nam a2200193 a 450000100060000000300090000600800410001502000150005604000280007108200180009910000350011724500460015225000060019826000380020430000110024249000360025365000400028965000440032919208CO-ViMGA141112s2004 ck r 000 u spa d a8471123223 aCO-ViMGAbspacCO-ViMGA04a305.233 B768h1 aBrowne, Naima; France, Pauline10aHacia una educación infantil no sexista a2 aMadrid : bEdiciones Morata; 2001 a190 p. aEducación infantil y primaria14aDISCRIMINACION SEXUAL - educación14aeducación PREESCOLAR - GRAN BRETAÑA